| 000 | 01257pam a2200373 a 4500 | ||
|---|---|---|---|
| 999 |
_c28549 _d28520 |
||
| 001 | 3050477 | ||
| 003 | EG-ScBUE | ||
| 005 | 20200810111809.0 | ||
| 008 | 960119t2002 nyua f bd 001 0 eng d | ||
| 020 | _a9780071120777 | ||
| 020 | _a0071120777 | ||
| 040 |
_aDLC _beng _erda _cDLC _dDLC _dEG-ScBUE |
||
| 043 | _an-us--- | ||
| 082 | 0 | 4 |
_a301 _bSCH _222 |
| 100 | 1 |
_aSchaefer, Richard T., _eauthor. |
|
| 245 | 1 | 0 |
_aSociology : _ba brief introduction / _cRichard T. Schaefer, Depaul University. |
| 250 | _aFourth edition. | ||
| 250 | _aInternational edition. | ||
| 264 | 1 |
_aNew York, N.Y. : _bMcGraw-Hill, _c[2002] |
|
| 264 | 4 | _cc2002 | |
| 300 |
_axxxv, 539 pages : _billustrations ; _c26 cm |
||
| 336 |
_2rdacontent _atext _btxt |
||
| 337 |
_2rdamedia _aunmediated _bn |
||
| 338 |
_2rdacarrier _avolume _bnc |
||
| 500 | _aIncludes glossary. | ||
| 504 | _aIncludes bibliographical references and indexes. | ||
| 650 | 7 |
_aSociology. _2BUEsh |
|
| 651 | 7 |
_aUnited States _xSocial conditions _y1980- _2BUEsh |
|
| 653 |
_bHHUUEENN _cJuly2020 |
||
| 655 |
_vReading book _934232 |
||
| 906 |
_a7 _bcbc _corignew _d1 _eocip _f19 _gy-gencatlg |
||
| 942 |
_2ddc _cBB |
||